UITU Library & LRC     

Oscillating Water column (OWC) (Record no. 33356)

MARC details
000 -LEADER
fixed length control field 00635nam a2200157Ia 4500
008 - FIXED-LENGTH DATA ELEMENTS--GENERAL INFORMATION
fixed length control field 260210s9999 xx 000 0 und d
024 ## - OTHER STANDARD IDENTIFIER
Standard number or code 18B-023-EE, 18B-028-PE, 18B-043-PE & 18B-044-PE
082 ## - DEWEY DECIMAL CLASSIFICATION NUMBER
Classification number 621.3072 BAS
100 ## - MAIN ENTRY--PERSONAL NAME
Personal name S. Abdul Basit, Kabeer Ahmed Chippa, Hamza Fareed & Shabih Ovais
110 ## - MAIN ENTRY--CORPORATE NAME
Corporate name or jurisdiction name as entry element Dr. Abdul Qadir & Engr. S M Zia Uddin
245 #0 - TITLE STATEMENT
Title Oscillating Water column (OWC)
260 ## - PUBLICATION, DISTRIBUTION, ETC.
Place of publication, distribution, etc. Karachi:
Name of publisher, distributor, etc. UITU,
Date of publication, distribution, etc. 2018
600 ## - SUBJECT ADDED ENTRY--PERSONAL NAME
Personal name Power Engineering
650 ## - SUBJECT ADDED ENTRY--TOPICAL TERM
Topical term or geographic name entry element Bachelor of Engineering (BE)
856 ## - ELECTRONIC LOCATION AND ACCESS
Uniform Resource Identifier <a href="https://drive.google.com/file/d/1FaratVVLmWyaVImfZZ7j3hFVRnmkGN94/view?usp=sharing">https://drive.google.com/file/d/1FaratVVLmWyaVImfZZ7j3hFVRnmkGN94/view?usp=sharing</a>
Link text Click here for PDF

No items available.

Powered by Koha